Rize : Alzati e balla /

Saved in:
Bibliographic Details
Main Authors: Beauchamp, Amy Marie (Composer), Cancela, Jose (Composer)
Other Authors: LaChapelle, David (Director)
Format: Slide
Language:Italian
English
Published: [Italia] : Bo Casper entertainment, Officine UBU ; 2006
Tags: Add Tag
No Tags, Be the first to tag this record!

MARC

LEADER 00000ngm a22000007i 4500
001 IT\ICCU\UFE\0780188
003 ItRI
005 20260124182816.0
008 070522s2006 it |||||||||||||||k|||||c
024 3 1 |a 8057092120088 
028 4 2 |a 68002 
040 |b ita 
041 7 |a ita  |a eng  |2 ISO-639-2 
082 |a 791.43  |9 CINEMA  |2 14 
130 0 |a Rize <film ; 2005>  |3 IT\ICCU\UFE\0780193 
245 0 0 |a Rize :  |b Alzati e balla /  |c prodotto e diretto da David La Chapelle. 
260 |a [Italia] :  |b Officine UBU ;  |a Bo Casper entertainment,  |c 2006 
300 |a 1 DVD-Video (85 min) :  |b color., sonoro ;  |c 12 cm 
500 |a Caratteristiche tecniche: regione 2; sistema: PAL, formato video 1.33:1; singola faccia, doppio strato; Dolby digital dts 
500 |a Sottotitoli in italiano per non udenti 
500 |a Documentario realizzato a South Central (Los Angeles), 2005 
500 |a Titolo del contenitore 
500 |a Musiche originali Amy Marie Beauchamp, Jose Cancela 
500 |a Contenuti speciali: introduzione a Rize con La Chapelle, interviste al regista e al cast, conferenza stampa al Tribeca Film Festival, Note di regia e fotografia, Passi di danza, scene tagliate, trailers, Photogallery di La Chapelle, Biografie. 
700 1 |a LaChapelle, David  |0 IT\ICCU\UBOV\376551  |4 drt 
700 1 |a Beauchamp, Amy Marie  |0 IT\ICCU\UFEV\330071  |4 cmp 
700 1 |a Cancela, Jose  |0 IT\ICCU\UFEV\330072  |4 cmp 
942 |2 ddc  |c VM  |n 0 
952 |0 0  |1 0  |4 0  |6 VO_1577_000000000000000  |7 0  |9 26667  |a BO  |b BO  |d 2026-01-24  |i 11846  |l 0  |o VO 1577  |p BO11846  |r 2026-01-24 18:28:16  |w 2026-01-24  |x [Sebina 5] [1 dvd]  |y VM  |z 1 dvd 
999 |c 22555  |d 22555